Countries with most Americans - Statistics

General Stats
  • This quiz has been taken 78 times
  • The average score is 13 of 15
Answer Stats
Population Country % Correct
738203 Canada
99%
899311 Mexico
99%
158000 United Kingdom
99%
71493 China
97%
90100 Australia
96%
100619 France
96%
107755 Germany
94%
88000 Japan
94%
260000 Brazil
91%
700000 India
88%
170000 Italy
87%
140222 South Korea
81%
600000 Philippines
65%
185000 Israel
45%
82000 Dominican Republic
36%
No matching quizzes found
Score Distribution
Percent of People with Each Score
Percentile by Number Answered
Your Score History
You have not taken this quiz